[Event "SRB-ch U14"]
[Site "Subotica"]
[Date "2021.05.07"]
[Round "6"]
[White "Markovic, Djordje"]
[Black "Zdravkovic, Filip"]
[Result "1/2-1/2"]
[WhiteElo "1548"]
[BlackElo "1738"]
[PlyCount "71"]
[EventDate "2021.05.03"]
[EventType "swiss"]
[EventRounds "9"]
[EventCountry "SRB"]
[SourceTitle "EXT 2022"]
[Source "ChessBase"]
[SourceDate "2021.10.06"]
[SourceVersion "1"]
[SourceVersionDate "2021.10.06"]
[SourceQuality "1"]

1. e4 c5 2. Nf3 d6 3. d4 cxd4 4. Nxd4 Nf6 5. Nc3 a6 6. Bd3 e5 7. Nb3 Be7 8. 0-0 0-0 9. Bg5 Nbd7 10. f4 h6 11. Bxf6 Nxf6 12. Nd5 Nxd5 13. exd5 f5 14. c4 e4 15. Be2 Bf6 16. Qc2 Qb6+ 17. Kh1 Bd7 18. a4 g5 19. fxg5 hxg5 20. a5 Qc7 21. Rab1 Rf7 22. g4 Rh7 23. Rf2 Kg7 24. gxf5 Rah8 25. Bg4 Ba4 26. Ra1 Rh4 27. Rxa4 Rxg4 28. c5 Be5 29. Rxe4 Rxe4 30. Qxe4 dxc5 31. Nxc5 Kf6 32. Qc2 Kf7 33. Ne6 Qxa5 34. Nxg5+ Kf6 35. Ne4+ Kf7 36. Ng5+ 1/2-1/2

[Event "SRB-ch U14"]
[Site "Subotica"]
[Date "2021.05.04"]
[Round "3"]
[White "Markovic, Djordje"]
[Black "Girgis, Lazar"]
[Result "0-1"]
[WhiteElo "1548"]
[BlackElo "1347"]
[PlyCount "57"]
[EventDate "2021.05.03"]
[EventType "swiss"]
[EventRounds "9"]
[EventCountry "SRB"]
[SourceTitle "EXT 2022"]
[Source "ChessBase"]
[SourceDate "2021.10.06"]
[SourceVersion "1"]
[SourceVersionDate "2021.10.06"]
[SourceQuality "1"]

1. d4 d5 2. Bf4 c5 3. c3 Nc6 4. e3 Qb6 5. Qc2 Bf5 6. Qb3 c4 7. Qxb6 axb6 8. Nd2 e6 9. Ngf3 b5 10. Be2 b4 11. 0-0 Nf6 12. Ne5 Nxe5 13. Bxe5 Be7 14. Bxf6 gxf6 15. f4 bxc3 16. bxc3 Ra3 17. Rfc1 b5 18. e4 dxe4 19. Kf2 Bd6 20. g3 e5 21. fxe5 fxe5 22. dxe5 Bxe5 23. Bxc4 0-0 24. Bb3 Rd8 25. Nb1 Ra7 26. a4 b4 27. Ra2 Rd3 28. Bd1 Be6 29. Rd2 0-1

[Event "Hvar op U16 3rd"]
[Site "Hvar"]
[Date "2019.10.06"]
[Round "2"]
[White "Kurtovic, Darko"]
[Black "Markovic, Djordje"]
[Result "1/2-1/2"]
[WhiteElo "1363"]
[BlackElo "1560"]
[PlyCount "45"]
[EventDate "2019.10.05"]
[EventType "swiss"]
[EventRounds "6"]
[EventCountry "CRO"]
[SourceTitle "CBM 193 Extra"]
[Source "ChessBase"]
[SourceDate "2020.01.31"]
[SourceVersion "1"]
[SourceVersionDate "2020.01.31"]
[SourceQuality "1"]

1. e4 c5 2. Nf3 d6 3. d4 cxd4 4. Nxd4 Nf6 5. Nc3 a6 6. Bg5 e5 7. Nb3 Be7 8. Qd2 Nbd7 9. f3 b5 10. a3 Bb7 11. Be3 0-0 12. 0-0-0 Rc8 13. Kb1 Nc5 14. Nxc5 dxc5 15. Qe1 Qc7 16. Bd3 Rfd8 17. Rc1 c4 18. Be2 Bc6 19. Qg3 Kh8 20. Qf2 Rb8 21. Ba7 Rb7 22. Bc5 Rdb8 23. g4 1/2-1/2

[Event "Hvar op U16 3rd"]
[Site "Hvar"]
[Date "2019.10.06"]
[Round "3"]
[White "Markovic, Djordje"]
[Black "Gazija, Dario"]
[Result "1-0"]
[WhiteElo "1560"]
[BlackElo "1066"]
[PlyCount "39"]
[EventDate "2019.10.05"]
[EventType "swiss"]
[EventRounds "6"]
[EventCountry "CRO"]
[SourceTitle "CBM 193 Extra"]
[Source "ChessBase"]
[SourceDate "2020.01.31"]
[SourceVersion "1"]
[SourceVersionDate "2020.01.31"]
[SourceQuality "1"]

1. d4 d5 2. Bf4 Nc6 3. e3 Nf6 4. c3 Bf5 5. Nd2 e6 6. Ngf3 Be7 7. Be2 0-0 8. Ne5 Nxe5 9. dxe5 Ne4 10. Nxe4 Bxe4 11. Bd3 Bxg2 12. Rg1 Be4 13. Bxe4 dxe4 14. Qg4 g6 15. Rd1 Qe8 16. h4 Kh8 17. h5 Qc6 18. hxg6 fxg6 19. Rh1 Rf5 20. Qxg6 1-0